El continente de siete colores (Registro nro. 15950)
[ vista simple ]
| 000 -CABECERA | |
|---|---|
| Longitud fija campo de control | 00639nam a22002171 4500 |
| 001 - NÚMERO DE CONTROL | |
| Número de control | bimo0000562079 |
| 003 - IDENTIFICADOR DELl NÚMERO DE CONTROL | |
| Identificador del número de control | OSt |
| 005 - FECHA Y HORA DE LA ÚLTIMA TRANSACCIÓN | |
| Fecha y hora de la última transacción | 20141210111852.0 |
| 008 - CÓDIGOS DE INFORMACIÓN DE LONGITUD FIJA | |
| Códigos de información de longitud fija | 910101s1965 ag r spa |
| 040 ## - FUENTE DE LA CATALOGACIÓN | |
| Centro transcriptor | BMC |
| 082 ## - NÚMERO DE LA CLASIFICACIÓN DECIMAL DEWEY | |
| Númeroo de clasificación | 980 |
| 082 ## - NÚMERO DE LA CLASIFICACIÓN DECIMAL DEWEY | |
| Númeroo de clasificación | 306.8 |
| 100 1# - PUNTO DE ACCESO PRINCIPAL-NOMBRE DE PERSONA | |
| Nombre de persona | Arciniegas, Germán |
| Fechas asociadas al nombre | 1900-1999 |
| 245 13 - MENCIÓN DE TÍTULO | |
| Título | El continente de siete colores |
| Resto del título | : historia de la cultura en América Latina |
| Mención de responsabilidad, etc. | Germán Arciniegas |
| 260 ## - PUBLICACIÓN, DISTRIBUCIÓN, ETC. (PIE DE IMPRENTA) | |
| Lugar de publicación, distribución, etc. | Buenos Aires |
| Nombre del editor, distribuidor, etc. | Sudamericana |
| Fecha de publicación, distribución, etc. | 1965 |
| 300 ## - DESCRIPCIÓN FÍSICA | |
| Extensión | 724 p., 1 h. |
| Otras características físicas | lám. |
| Dimensiones | 19 cm |
| 490 0# - MENCIÓN DE SERIE | |
| Mención de serie | Ensayos |
| 651 24 - PUNTO DE ACCESO ADICIONAL DE MATERIA - NOMBRE GEOGRÁFICO | |
| Nombre geográfico | América latina |
| Subdivisión de materia general | Historia |
| 9 (RLIN) | 3454 |
| 651 24 - PUNTO DE ACCESO ADICIONAL DE MATERIA - NOMBRE GEOGRÁFICO | |
| Nombre geográfico | América latina |
| Subdivisión de materia general | Cultura |
| 9 (RLIN) | 12638 |
| 942 ## - ENTRADA DE ELEMENTOS AGREGADOS (KOHA) | |
| Fuente de clasificaión o esquema | Dewey Decimal Classification |
| Koha [por defecto] tipo de item | 1- Monografias |
| Suprimido | Perdido | Fuente de clasificación o esquema | Estropeado | Restricciones de uso | No para préstamo | Código de colección | Localización permanente | Localización actual | Localización en estanter&íacute;as | Fecha adquisición | Fuente de adquisición | Número de inventario | Préstamos totales | Signatura completa | Código de barras | Fecha última consulta | Fecha último préstamo | Fecha del precio de reemplazo | Tipo de item de Koha |
|---|---|---|---|---|---|---|---|---|---|---|---|---|---|---|---|---|---|---|---|
| NULL | NULL | Dewey Decimal Classification | NULL | Prestable | NULL | NULL | Biblioteca Miguel de Cervantes - UNICAES | Biblioteca Miguel de Cervantes - UNICAES | Sala Principal | 21/11/2014 | Donación - Mayorga Rivas | 024931 | 1 | 980 ARC con | 1025341 | 02/02/2017 | 02/02/2017 | 21/11/2014 | 1- Monografias |